000
00492nam a2200181Ia 4500
008
090124s9999 xx 000 0 und d
082
_b
121249
100
_a
डंखे विनायक
245
_a
सिध्दार्थ
250
_a
1
260
_c
1985
300
_a
220
600
_a
डंखे विनायक
630
_a
सिध्दार्थ
700
_a
डंखे विनायक
730
_a
सिध्दार्थ
942
_c
BOOK
999
_c
167335
_d
167335